| 000 | 00512nam a2200157 a 4500 | ||
|---|---|---|---|
| 005 | 20140414131859.0 | ||
| 008 | 100914s19uu xx 00 eng d | ||
| 050 |
_aFIL 352.13 _bF65 2006 |
||
| 100 | _aFlores, Lin Acacio | ||
| 245 | _aThe boy monk in an orange robe. | ||
| 260 |
_aManila, Philippines : _bBookmark, _c2006. |
||
| 440 | _aGreat men and women of Asia- children's series | ||
| 650 |
_aGovernors _xThailand _xBangkok _xBiography |
||
| 650 |
_aBuddhism _xRituals _xJuveline literature. |
||
| 999 |
_c110570 _d110570 |
||